Gandalf - Statistics

General Stats
  • This quiz has been taken 12 times
  • The average score is 3 of 8
Answer Stats
Hint Answer % Correct
Race Maiar
100%
Weapon Glamdring
83%
Ring Narya
67%
Birth Before the shaping of Arda
17%
Death January 25, TA 3019
17%
Culture Maiar of Manwë and Varda
17%
Served Manwë, Varda, Irmo, Nienna
17%
Departed to Aman September 29, TA 3021
17%
No matching quizzes found
Score Distribution
Percent of People with Each Score
Percentile by Number Answered
Your Score History
You have not taken this quiz